Trong họ ngoài làng

সংরক্ষণ করুন:
গ্রন্থ-পঞ্জীর বিবরন
প্রধান লেখক: Toan ánh
বিন্যাস: গ্রন্থ
ভাষা:Undetermined
প্রকাশিত: Minh Hải Mũi Cà Mau 1993
বিষয়গুলি:
ট্যাগগুলো: ট্যাগ যুক্ত করুন
কোনো ট্যাগ নেই, প্রথমজন হিসাবে ট্যাগ করুন!
Thư viện lưu trữ: Trung tâm Học liệu Trường Đại học Cần Thơ
LEADER 00450nam a2200169Ia 4500
001 CTU_6135
008 210402s9999 xx 000 0 und d
082 |a 398.909597 
082 |b T406 
100 |a Toan ánh 
245 0 |a Trong họ ngoài làng 
245 0 |c Toan ánh 
260 |a Minh Hải 
260 |b Mũi Cà Mau 
260 |c 1993 
650 |a folk literature, vietnamese 
980 |a Trung tâm Học liệu Trường Đại học Cần Thơ